monster energie flavour - Statistics

General Stats
  • This quiz has been taken 23 times
  • The average score is 7 of 41
Answer Stats
Answer % Correct
mango loco
58%
bad apple
47%
original
42%
ultra blue
37%
ultra red
37%
pacific punch
32%
pipeline punch
32%
ultra black
32%
ultra paradise
32%
monarch
26%
rio punch
26%
ultra peachy keen
26%
ultra rosá
26%
ultra violet
26%
ultra gold
21%
ultra strawberry dreams
21%
zero sugar
21%
ultra fantasy ruby red
16%
ultra sunrise
16%
ultra watermelon
16%
zero ultra
16%
khaotic
11%
ripper
11%
ultra fiesta
11%
ultra vice guava
11%
viking berry
11%
aussie lemonade style
5%
lando norris zero sugar
5%
mixxd
5%
vr46
5%
assault
0%
cuba libre
0%
dub mad dog
0%
java
0%
lh44
0%
maxx
0%
mule
0%
nitro super dry
0%
reserve orange dreamsicle
0%
reserve watermelon
0%
reserve white pineapple
0%
No matching quizzes found
Score Distribution
Percent of People with Each Score
Percentile by Number Answered
Your Score History
You have not taken this quiz